Online Catalogue and eLibrary

Eelathu siththarkal (Record no. 3576)

MARC details
000 -LEADER
fixed length control field 00354nam a2200145Ia 4500
005 - DATE AND TIME OF LATEST TRANSACTION
control field 20250408015514.0
008 - FIXED-LENGTH DATA ELEMENTS--GENERAL INFORMATION
fixed length control field 240331s9999 xx 000 0 und d
082 ## - DDC Classification
Item Number - Author Mark MUT
Class No. 100
100 ## - MAIN ENTRY--PERSONAL NAME
Personal name Muthiah, N
245 #0 - TITLE STATEMENT
Title Eelathu siththarkal
260 ## - PUBLICATION, DISTRIBUTION, ETC.
Place of publication, distribution, etc. Chennai
Name of publisher, distributor, etc. Kumaran Pathippagam
Date of publication, distribution, etc. 1994
300 ## - PHYSICAL DESCRIPTION
Extent (e.g. Volumes, Pages etc.) 192 p .,
650 ## - SUBJECT ADDED ENTRY--TOPICAL TERM
Topical term or geographic name entry element Mystics of Sri Lanka
942 ## - Koha item type (Biblio)
Koha item type Books in Stacks (Lending)
Holdings
Lost status Damaged status Collection code Home library Current library Shelving location Date acquired Full call number Accession Number Item type
    Lending WERC Library WERC Library Social Science Cupboard 03/31/2024 100 MUT 3660 Books in Stacks (Lending)

© WERC Library